000 00765nam a22001817a 4500
999 _c64042
_d64042
003 Ge_BSU
005 20260316104235.0
008 260316s1953 ge ||||| |||| 00| 0 geo d
041 _ageo
080 _a911.3:33(072) ზ-33
100 _aზარდალიშვილი, გ.
_926747
245 _aეკონომიური გეოგრაფიის კვლევის მეთოდიკის ზოგიერთი საკითხი /
_cგ. ზარდალაშვილი.
264 _aთბილისი,
_c1953.
300 _a132 გვ. ;
_b22 სმ.
504 _aბიბლიოგრ.: გვ. 124-130.
653 _aეკონომიკური გეოგრაფია
942 _2udc
_cᲬᲘᲒᲜᲘ